00505nam a22001575i 450000100060000000300090000600500170001500700030003200800410003504000200007610000220009624501310011826000550024930000200030485200230032468520ES-MaACL20230906170312.0t|960807s1852 fr ||||1| fre d aCAM bspa cCAM1 aGarnier, Adolphe.10aTraité des facultés de l'ame b: comprendant l'histoire des principales théories psychologiques / cpar Adolphe Garnier. aParis : bL. Hachette et Cie., c1852 (fCrapelet) a3 v. ; c23 cm. aES-MaACLjG-8163-5